| 000 | 00570nam a2200181 i 4500 | ||
|---|---|---|---|
| 001 | 109261 | ||
| 003 | ES-MaACL | ||
| 005 | 20230906184817.0 | ||
| 007 | t| | ||
| 008 | 061121s1930 sp |||| | spa d | ||
| 100 | 1 |
_aMüller-Lyer, F. _984045 |
|
| 245 | 1 | 3 |
_aLa familia / _cF. Müller-Lyer ; traducción de la edición alemana por Ramón de la Serna. |
| 260 |
_aMadrid : _bRevista de Occidente, _c[1930] ( _fGalo Sáez) |
||
| 300 |
_a398 p. ; _c23 cm. |
||
| 650 | 4 |
_aFamilias. _9153905 |
|
| 700 | 1 |
_aSerna y Espina, Ramón de la. _9105587 |
|
| 852 |
_aES-MaACL _jA-1496 |
||
| 999 |
_c109261 _d109261 |
||